Lectures in jurisprudence / (Record no. 4773)

MARC details
000 -LEADER
fixed length control field 00694 a2200205 4500
010 ## - LCCN (DPL NO)
LC control number ENG-86543
020 ## - INTERNATIONAL STANDARD BOOK NUMBER
International Standard Book Number 8180381307
Terms of availability 265.00
035 ## - SYSTEM CONTROL NUMBER
System control number EN-70076
037 ## - SOURCE OF ACQUISITION
Source of stock number/acquisition DBAD / PUB
082 14 - DEWEY DECIMAL CLASSIFICATION NUMBER
Classification number 340
100 1# - MAIN ENTRY--PERSONAL NAME
Personal name Jayakumar, N. K.
245 1# - TITLE STATEMENT
Title Lectures in jurisprudence /
Statement of responsibility, etc by N. K. Jayakumar
250 ## - EDITION STATEMENT
Edition statement 2nd ed
260 ## - PUBLICATION, DISTRIBUTION, ETC. (IMPRINT)
Place of publication, distribution, etc New Delhi
Name of publisher, distributor, etc Lexis Nexis
Date of publication, distribution, etc 2006
270 ## - ADDRESS
Address 14th Floor, Vijaya Building, 17 Barakhamba Road,
City New Delhi
Postal code 110 001
Telephone number 011-23739614-16
Fax number 011-23326456
Electronic mail address customer.care@lexisnexis.co.in
300 ## - PHYSICAL DESCRIPTION
Extent xviii, 314 p
Dimensions 23cm (Pbk)
490 ## - SERIES STATEMENT
Series statement Lexis Nexis Student Series
500 ## - GENERAL NOTE
General note includes bibligraphical references
942 ## - ADDED ENTRY ELEMENTS (KOHA)
Institution code [OBSOLETE] dpl
Item type English Books
Source of classification or shelving scheme Dewey Decimal Classification
Classification part 340
Call number suffix JAY
Holdings
Withdrawn status Lost status Not for loan Collection code Home library Current library Source of acquisition Cost, normal purchase price Full call number Barcode Copy number Cost, replacement price Koha item type
    Not For Loan Non-fiction D.B.Act.Division D.B.Act.Division DBAD/PUB 265.00 340 JAY EN-70076 1 265.00 English Books

© Delhi Public Library
Hit Counter
free hit counter